00508cam a22001692 4500001001100000005001700011008004100028020002600069040001500095100003700110245008700147250001200234260003600246300001800282650003500300852000300335000002380720151217145944.0130326s xx 000 0 eng d a0071315159 :cKES 980 aKABUcKABU1 aForouzan, Behrouz A.@000014847810aComputer networks :ba top-down approach /cBehrouz A. Forouzan, Firouz Mosharraf. a1st ed. aNew York :bMcGraw-Hill,c2012. axxiii, 931 p. 0aComputer networks.@00001482141